Fr. Conceicao Rodrigues College of Engineering

IT interview questions:A primer for the IT job interviews (Record no. 18831)

MARC details
000 -LEADER
fixed length control field 00408nam a2200169Ia 4500
082 ## - DEWEY DECIMAL CLASSIFICATION NUMBER
Item number KAR
100 ## - MAIN ENTRY--PERSONAL NAME
Personal name Karumanchi/Narasimha
245 ## - TITLE STATEMENT
Title IT interview questions:A primer for the IT job interviews
260 ## - PUBLICATION, DISTRIBUTION, ETC.
Name of publisher, distributor, etc. Career Monk
Date of publication, distribution, etc. 2014
366 ## - TRADE AVAILABILITY INFORMATION
Publishers's discount category 20
300 ## - PHYSICAL DESCRIPTION
Extent 563
546 ## - LANGUAGE NOTE
Language note ENGLISH
-- electronics
650 ## - SUBJECT ADDED ENTRY--TOPICAL TERM
Topical term or geographic name entry element intetview questions
654 ## - SUBJECT ADDED ENTRY--FACETED TOPICAL TERMS
Focus term IT interview question
942 ## - ADDED ENTRY ELEMENTS (KOHA)
Koha item type BOOK
Holdings
Withdrawn status Lost status Damaged status Not for loan Collection Home library Current library Date acquired Source of acquisition Cost, normal purchase price Inventory number Total Checkouts Full call number Barcode Date last seen Cost, replacement price Price effective from Koha item type Date last checked out
        CRC Fr. Agnel's C.Rodrigues College of Engineering AGNEL TECHNICAL COLLEGE LIBRARY 17/03/2023 Allied Publishers 480.00 508 dt 26.08.2016   KAR 24363 03/05/2025 600.00   BOOK  
        CRC Fr. Agnel's C.Rodrigues College of Engineering Fr. Agnel's C.Rodrigues College of Engineering 17/03/2023 Allied Publishers 480.00 508 dt 26.08.2016   KAR 24360 17/03/2023 600.00   BOOK  
        CRC Fr. Agnel's C.Rodrigues College of Engineering Fr. Agnel's C.Rodrigues College of Engineering 17/03/2023 Allied Publishers 480.00 508 dt 26.08.2016 1 KAR 24361 10/10/2024 600.00   BOOK 16/06/2023
        CRC Fr. Agnel's C.Rodrigues College of Engineering Fr. Agnel's C.Rodrigues College of Engineering 17/03/2023 Allied Publishers 480.00 508 dt 26.08.2016   KAR 24362 17/03/2023 600.00   BOOK  
        CRC Fr. Agnel's C.Rodrigues College of Engineering Fr. Agnel's C.Rodrigues College of Engineering 17/03/2023 Allied Publishers 480.00 508 dt 26.08.2016 1 KAR 24364 02/07/2024 600.00   BOOK 29/05/2024